[Event "Madrid ch 2018 - semifinal"]
[Site "Madrid ESP"]
[Date "2018.05.05"]
[Round "1.1"]
[White "Garcia Serrano, Jose Manuel"]
[Black "Perez Gonzalez, Jose Manuel"]
[Result "0-1"]
[WhiteElo "1961"]
[BlackElo "2252"]
[PlyCount "52"]
[EventDate "2018.05.05"]
[EventType "swiss"]
[EventRounds "9"]
[EventCountry "ESP"]
[SourceTitle "Ajedrez en Madrid"]
[Source "lmi"]
[SourceDate "2018.05.05"]
[SourceVersion "1"]
[SourceVersionDate "2019.03.14"]
[SourceQuality "1"]

1. e4 c5 2. d4 cxd4 3. c3 dxc3 4. Nxc3 Nc6 5. Nf3 d6 6. Bc4 a6 7. O-O Nf6 8.
Bg5 e6 9. Qe2 h6 10. Be3 Ng4 11. Bf4 Qf6 12. Bg3 Nge5 13. Nxe5 dxe5 14. f4 Bc5+
15. Kh1 O-O 16. fxe5 Qg6 17. Rad1 b5 18. Bb3 Nd4 19. Qe1 Bb7 20. Rd3 Nxb3 21.
axb3 Rad8 22. Qd1 Be7 23. Rff3 b4 24. Rxd8 Rxd8 25. Rd3 Rxd3 26. Qxd3 bxc3 0-1

[Event "Madrid ch 2018 - semifinal"]
[Site "Madrid ESP"]
[Date "2018.05.05"]
[Round "1.2"]
[White "Fernandez Lledo, Javier"]
[Black "Vukotic Jovsic, Dragan"]
[Result "1-0"]
[WhiteElo "2241"]
[BlackElo "1958"]
[PlyCount "27"]
[EventDate "2018.05.05"]
[EventType "swiss"]
[EventRounds "9"]
[EventCountry "ESP"]
[SourceTitle "Ajedrez en Madrid"]
[Source "lmi"]
[SourceDate "2018.05.05"]
[SourceVersion "1"]
[SourceVersionDate "2019.03.14"]
[SourceQuality "1"]

1. e4 e5 2. Nc3 d6 3. Bc4 Nf6 4. f4 Bg4 5. Nf3 Nbd7 6. h3 Bxf3 7. Qxf3 g6 8.
O-O Bg7 9. f5 Qe7 10. d3 O-O-O 11. Be3 Kb8 12. a4 h5 13. Bg5 Bh6 14. Nd5 1-0

[Event "Madrid ch 2018 - semifinal"]
[Site "Madrid ESP"]
[Date "2018.05.05"]
[Round "1.3"]
[White "Alvarez Abejon, Amilcar"]
[Black "De La Fuente Gonzalez, Francisco"]
[Result "0-1"]
[WhiteElo "1951"]
[BlackElo "2213"]
[PlyCount "64"]
[EventDate "2018.05.05"]
[EventType "swiss"]
[EventRounds "9"]
[EventCountry "ESP"]
[SourceTitle "Ajedrez en Madrid"]
[Source "lmi"]
[SourceDate "2018.05.05"]
[SourceVersion "1"]
[SourceVersionDate "2019.03.14"]
[SourceQuality "1"]

1. e4 e5 2. Nf3 Nf6 3. Nxe5 d6 4. Nf3 Nxe4 5. Nc3 Nxc3 6. dxc3 Be7 7. Be3 O-O
8. Qd2 Nc6 9. O-O-O Ne5 10. Kb1 Nxf3 11. gxf3 Bf5 12. Bd3 Bxd3 13. Qxd3 Bf6 14.
h4 Re8 15. Bg5 Re6 16. f4 c6 17. Rdg1 Qe7 18. b3 Re8 19. Rg3 d5 20. Kb2 Re2 21.
Rhg1 Bxg5 22. Rxg5 g6 23. h5 Qe4 24. Qxe4 R8xe4 25. hxg6 fxg6 26. f5 Rxf2 27.
fxg6 h6 28. Rh5 Ree2 29. Rxh6 Rxc2+ 30. Ka3 Rxa2+ 31. Kb4 b6 32. c4 Rfc2 0-1

[Event "Madrid ch 2018 - semifinal"]
[Site "Madrid ESP"]
[Date "2018.05.05"]
[Round "1.4"]
[White "Iagar, Razvan-Gabriel"]
[Black "Anton Quevedo, Andrea"]
[Result "1-0"]
[WhiteElo "2213"]
[BlackElo "1943"]
[PlyCount "111"]
[EventDate "2018.05.05"]
[EventType "swiss"]
[EventRounds "9"]
[EventCountry "ESP"]
[SourceTitle "Ajedrez en Madrid"]
[Source "lmi"]
[SourceDate "2018.05.05"]
[SourceVersion "1"]
[SourceVersionDate "2019.03.14"]
[SourceQuality "1"]

1. d4 Nf6 2. Nf3 e6 3. c4 Be7 4. Nc3 b6 5. g3 Bb7 6. Bg2 O-O 7. O-O d6 8. Qc2
Qc8 9. e4 c5 10. d5 exd5 11. cxd5 Re8 12. Bf4 Nh5 13. Be3 Nf6 14. h3 Bf8 15.
Rfe1 b5 16. Nd2 a6 17. Rad1 Nbd7 18. a4 b4 19. Ncb1 a5 20. Nc4 Qd8 21. Nbd2 Ne5
22. f4 Ng6 23. Bf2 Nd7 24. Nf1 Rc8 25. Nfe3 Ba6 26. b3 h5 27. h4 Nf6 28. Bf3
Ra8 29. Nf5 Ng4 30. Qe2 Nxf2 31. Kxf2 Bc8 32. Qd2 Qf6 33. Nb6 Rb8 34. Nxc8
Rbxc8 35. Rc1 Rc7 36. Bxh5 Rec8 37. Be2 Be7 38. h5 Nf8 39. g4 g5 40. hxg6 fxg6
41. g5 Qh8 42. Nh6+ Kh7 43. Rc4 Nd7 44. Rh1 Qf8 45. Kg3 Nb6 46. Qb2 Nxc4 47.
Ng4+ Kg8 48. Rh8+ Kf7 49. Rxf8+ Rxf8 50. Bxc4 Ke8 51. Qg7 Kd8 52. Qxg6 Rh8 53.
Nh6 Kc8 54. e5 dxe5 55. Ba6+ Kb8 56. Qb6+ 1-0

[Event "Madrid ch 2018 - semifinal"]
[Site "Madrid ESP"]
[Date "2018.05.05"]
[Round "1.5"]
[White "Cabañas Bravo, Juan Andres"]
[Black "Nuñez Muñoz, Jesus"]
[Result "1-0"]
[WhiteElo "1936"]
[BlackElo "2193"]
[PlyCount "66"]
[EventDate "2018.05.05"]
[EventType "swiss"]
[EventRounds "9"]
[EventCountry "ESP"]
[SourceTitle "Ajedrez en Madrid"]
[Source "lmi"]
[SourceDate "2018.05.05"]
[SourceVersion "1"]
[SourceVersionDate "2019.03.14"]
[SourceQuality "1"]

1. e4 c6 2. d4 d5 3. Nc3 dxe4 4. Nxe4 Bf5 5. Ng3 Bg6 6. Bc4 e6 7. N1e2 Nf6 8.
O-O Bd6 9. f4 Qc7 10. f5 exf5 11. Nxf5 Bxh2+ 12. Kh1 Bxf5 13. Rxf5 Bd6 14. Bh6
Rg8 15. Nf4 Nbd7 16. Qe2+ Be7 17. Re1 Nb6 18. Re5 Nc8 19. Bg5 Kf8 20. Nh5 h6
21. Nxf6 gxf6 22. Qh5 Rg6 23. Bxh6+ Ke8 24. R5e3 Qd6 25. Qh4 Qd7 26. Bf4 Qg4
27. Qh2 Kd7 28. Bxf7 f5 29. Bxg6 Qxg6 30. Bb8 Rxb8 31. Qxb8 Bd6 32. Qxb7+ Bc7
33. d5 c5 1-0

[Event "Madrid ch 2018 - semifinal"]
[Site "Madrid ESP"]
[Date "2018.05.05"]
[Round "1.6"]
[White "Lin, Yingrui"]
[Black "Cuellar Gutierrez, Raul"]
[Result "1/2-1/2"]
[WhiteElo "2188"]
[BlackElo "1922"]
[PlyCount "95"]
[EventDate "2018.05.05"]
[EventType "swiss"]
[EventRounds "9"]
[EventCountry "ESP"]
[SourceTitle "Ajedrez en Madrid"]
[Source "lmi"]
[SourceDate "2018.05.05"]
[SourceVersion "1"]
[SourceVersionDate "2019.03.14"]
[SourceQuality "1"]

1. d4 Nf6 2. Nf3 g6 3. c4 d5 4. Nc3 Bg7 5. Bg5 Ne4 6. cxd5 Nxg5 7. Nxg5 e5 8.
Nf3 exd4 9. Nxd4 O-O 10. e3 c6 11. dxc6 Nxc6 12. Nxc6 bxc6 13. Qxd8 Rxd8 14.
Rc1 Rb8 15. b3 Bf5 16. Bc4 Rd6 17. Ke2 Rbd8 18. Rhd1 Kf8 19. Rxd6 Rxd6 20. Rd1
Rxd1 21. Nxd1 Ke7 22. f3 Be5 23. g3 Bc2 24. Nf2 Bf5 25. e4 Bc8 26. Ke3 h5 27.
Nd3 Bc3 28. f4 f6 29. b4 Bh3 30. Nf2 Bd7 31. a3 Bb2 32. Nd3 Bxa3 33. Kd4 Bh3
34. e5 Bf5 35. exf6+ Kxf6 36. Ne5 Bxb4 37. Nxc6 Be1 38. Ke3 a5 39. Nd4 Bd7 40.
Bb5 Bxb5 41. Nxb5 a4 42. Kf3 Bb4 43. h4 a3 44. Nxa3 Bxa3 45. g4 Bc1 46. gxh5
gxh5 47. Kg2 Bxf4 48. Kh1 1/2-1/2

[Event "Madrid ch 2018 - semifinal"]
[Site "Madrid ESP"]
[Date "2018.05.05"]
[Round "1.7"]
[White "Baeza Escudero, Javier"]
[Black "Martinez Fernandez, Raul"]
[Result "0-1"]
[WhiteElo "1913"]
[BlackElo "2176"]
[PlyCount "54"]
[EventDate "2018.05.05"]
[EventType "swiss"]
[EventRounds "9"]
[EventCountry "ESP"]
[SourceTitle "Ajedrez en Madrid"]
[Source "lmi"]
[SourceDate "2018.05.05"]
[SourceVersion "1"]
[SourceVersionDate "2019.03.14"]
[SourceQuality "1"]

1. e4 e5 2. Nf3 Nc6 3. d4 exd4 4. Nxd4 Nf6 5. Nxc6 bxc6 6. e5 Qe7 7. Qe2 Nd5 8.
c4 Ba6 9. Nd2 g5 10. Qe4 Nf4 11. g3 Ng6 12. f4 gxf4 13. Nf3 Qb4+ 14. Kf2 Qb6+
15. Kg2 Bb7 16. Be2 c5 17. Qf5 O-O-O 18. Kf2 Bg7 19. Re1 f6 20. exf6 Bxf6 21.
Bxf4 Rdf8 22. Qh5 Nxf4 23. gxf4 Qd6 24. Rad1 Qxf4 25. Rd5 Bxd5 26. Qxd5 c6 27.
Qd3 Bh4+ 0-1

[Event "Madrid ch 2018 - semifinal"]
[Site "Madrid ESP"]
[Date "2018.05.05"]
[Round "1.8"]
[White "Torres Boch, Jose Francisco"]
[Black "Camarero Izquierdo, Juan Carlos"]
[Result "1-0"]
[WhiteElo "2137"]
[BlackElo "1911"]
[PlyCount "55"]
[EventDate "2018.05.05"]
[EventType "swiss"]
[EventRounds "9"]
[EventCountry "ESP"]
[SourceTitle "Ajedrez en Madrid"]
[Source "lmi"]
[SourceDate "2018.05.05"]
[SourceVersion "1"]
[SourceVersionDate "2019.03.14"]
[SourceQuality "1"]

1. e4 c5 2. Nf3 d6 3. d4 cxd4 4. Nxd4 Nf6 5. Nc3 a6 6. Qf3 e6 7. g4 Be7 8. Be3
Qc7 9. O-O-O b5 10. a3 Bb7 11. g5 Nfd7 12. Bh3 Nc5 13. Rhe1 Nbd7 14. Qh5 g6 15.
Qh4 Nb6 16. Kb1 Rc8 17. f4 Nba4 18. Nd5 exd5 19. Bxc8 Qxc8 20. exd5 O-O 21. f5
gxf5 22. Rf1 Re8 23. Nxf5 Bf8 24. Nh6+ Bxh6 25. gxh6 Ne4 26. Bd4 f6 27. Rxf6
Nxf6 28. Qg5+ 1-0

[Event "Madrid ch 2018 - semifinal"]
[Site "Madrid ESP"]
[Date "2018.05.05"]
[Round "1.9"]
[White "Cardena Contreras, Javier"]
[Black "Aguilera Lopez, Alejandro"]
[Result "0-1"]
[WhiteElo "1909"]
[BlackElo "2098"]
[PlyCount "110"]
[EventDate "2018.05.05"]
[EventType "swiss"]
[EventRounds "9"]
[EventCountry "ESP"]
[SourceTitle "Ajedrez en Madrid"]
[Source "lmi"]
[SourceDate "2018.05.05"]
[SourceVersion "1"]
[SourceVersionDate "2019.03.14"]
[SourceQuality "1"]

1. e4 c5 2. Nf3 e6 3. d4 cxd4 4. Nxd4 Nf6 5. Nc3 Nc6 6. Be2 Bb4 7. Nxc6 bxc6 8.
Qd3 d5 9. exd5 exd5 10. O-O O-O 11. Bg5 Qd6 12. Bf3 a5 13. Ne2 Ba6 14. Qd1 Rfe8
15. c3 Bc5 16. Re1 Ne4 17. Bh4 Qh6 18. Bg3 Nxg3 19. Nxg3 g6 20. Qc2 Qf4 21. Ne2
Bxe2 22. Rxe2 Bd6 23. Kf1 Qxh2 24. g3 Rxe2 25. Qxe2 Qh3+ 26. Bg2 Qf5 27. Kg1
Bc5 28. Re1 a4 29. Qf3 Qg5 30. c4 Rd8 31. cxd5 cxd5 32. Qd3 h5 33. Re2 h4 34.
gxh4 Qxh4 35. Rd2 Qg5 36. Rc2 Bd6 37. Kf1 Bf8 38. Rd2 d4 39. Rd1 a3 40. bxa3
Bg7 41. a4 Rc8 42. Qd2 Qc5 43. Qd3 Bf6 44. Be4 Kg7 45. a3 Qa7 46. Rb1 Qxa4 47.
Rb7 Rc3 48. Qe2 Qa5 49. Rb5 Qxa3 50. Bxg6 Qc1+ 51. Kg2 fxg6 52. Rb7+ Rc7 53.
Rb8 Qc6+ 54. Kg1 Re7 55. Qa2 Re1+ 0-1

[Event "Madrid ch 2018 - semifinal"]
[Site "Madrid ESP"]
[Date "2018.05.05"]
[Round "1.10"]
[White "Sanchez Garcia, Aurelio"]
[Black "Santamaria Baeza, Adolfo"]
[Result "1/2-1/2"]
[WhiteElo "2060"]
[BlackElo "1901"]
[PlyCount "137"]
[EventDate "2018.05.05"]
[EventType "swiss"]
[EventRounds "9"]
[EventCountry "ESP"]
[SourceTitle "Ajedrez en Madrid"]
[Source "lmi"]
[SourceDate "2018.05.05"]
[SourceVersion "1"]
[SourceVersionDate "2019.03.14"]
[SourceQuality "1"]

1. Nf3 Nc6 2. d4 d5 3. Bf4 Bf5 4. a3 e6 5. e3 Nf6 6. c4 Be7 7. Nc3 a6 8. Rc1
O-O 9. h3 Re8 10. cxd5 exd5 11. Bd3 Bxd3 12. Qxd3 Ne4 13. O-O Rc8 14. b4 Bf8
15. Na4 Na7 16. Rc2 c6 17. Rb1 Nb5 18. Nc5 Bxc5 19. dxc5 Nc7 20. Be5 f6 21. Ba1
Ne6 22. Nd4 Nxd4 23. Bxd4 Qd7 24. a4 Rb8 25. b5 axb5 26. axb5 Ng5 27. Rcb2 Qc7
28. bxc6 bxc6 29. Rb6 Ne6 30. Qf5 Rxb6 31. cxb6 Qb7 32. Qg4 Kf8 33. Qh5 h6 34.
Ra1 Ra8 35. Qf5 Rxa1+ 36. Bxa1 Kf7 37. Qb1 c5 38. Qb5 Ke7 39. Bb2 Kd6 40. Ba3
Qc6 41. Qa6 Nd8 42. e4 dxe4 43. Bc1 Nb7 44. Bf4+ Ke6 45. Qc4+ Qd5 46. Qb5 Kf7
47. Be3 g5 48. g4 Ke7 49. Qa4 c4 50. Qa8 c3 51. Qc8 Kf7 52. Qxc3 Kg6 53. Bd4
Kf7 54. Bxf6 Qd1+ 55. Kh2 Qd6+ 56. Be5 Qxb6 57. Qc4+ Kf8 58. Bd4 Qd6+ 59. Kg2
Qd7 60. Qb4+ Kg8 61. Qb6 Nd6 62. Qb8+ Kf7 63. Qh8 Qe6 64. Bg7 e3 65. fxe3 Qe4+
66. Kf2 Qc2+ 67. Kf1 Qd1+ 68. Kg2 Qd2+ 69. Kh1 1/2-1/2

[Event "Madrid ch 2018 - semifinal"]
[Site "Madrid ESP"]
[Date "2018.05.05"]
[Round "1.11"]
[White "Marcos Herrero, Francisco"]
[Black "Rodrigo Yanguas, Maria"]
[Result "1/2-1/2"]
[WhiteElo "1896"]
[BlackElo "2054"]
[PlyCount "105"]
[EventDate "2018.05.05"]
[EventType "swiss"]
[EventRounds "9"]
[EventCountry "ESP"]
[SourceTitle "Ajedrez en Madrid"]
[Source "lmi"]
[SourceDate "2018.05.05"]
[SourceVersion "1"]
[SourceVersionDate "2019.03.14"]
[SourceQuality "1"]

1. Nf3 Nf6 2. c4 g6 3. d4 Bg7 4. g3 O-O 5. Bg2 d6 6. O-O c6 7. Nc3 Qa5 8. e4
Bg4 9. h3 Bxf3 10. Bxf3 e5 11. dxe5 dxe5 12. Qb3 Na6 13. a3 Nc5 14. Qb4 Qxb4
15. axb4 Nb3 16. Ra4 Nd4 17. Bd1 Nd7 18. c5 a5 19. Rxa5 Rxa5 20. bxa5 Nxc5 21.
b4 Na6 22. Ba3 Rd8 23. b5 cxb5 24. Be7 Rc8 25. Nd5 Rc4 26. Ne3 Rc6 27. Re1 b4
28. Ba4 Re6 29. Nd5 Nf3+ 30. Kf1 Nxe1 31. Kxe1 Nb8 32. Bxb4 Bf8 33. Bd2 Nc6 34.
Kd1 Bc5 35. f3 Kg7 36. Kc1 Nd4 37. Bd1 f5 38. Kb2 Re8 39. Kc3 Rf8 40. Kc4 Bd6
41. Bc3 Rc8+ 42. Kd3 Ne6 43. exf5 gxf5 44. f4 Rc5 45. Bb3 Rb5 46. Bc4 Rb1 47.
fxe5 Bb8 48. Ne7 Nc5+ 49. Kc2 Rh1 50. e6+ Kf8 51. Nxf5 Rh2+ 52. Kd1 Nxe6 53.
Bxe6 1/2-1/2

[Event "Madrid ch 2018 - semifinal"]
[Site "Madrid ESP"]
[Date "2018.05.05"]
[Round "1.12"]
[White "Gonzalez Rivera, Eduardo"]
[Black "Ruiz Quevedo, Andres"]
[Result "0-1"]
[WhiteElo "2047"]
[BlackElo "1895"]
[PlyCount "96"]
[EventDate "2018.05.05"]
[EventType "swiss"]
[EventRounds "9"]
[EventCountry "ESP"]
[SourceTitle "Ajedrez en Madrid"]
[Source "lmi"]
[SourceDate "2018.05.05"]
[SourceVersion "1"]
[SourceVersionDate "2019.03.14"]
[SourceQuality "1"]

1. e4 c5 2. Nf3 d6 3. d4 Nf6 4. Nc3 cxd4 5. Nxd4 a6 6. Bc4 e6 7. O-O Be7 8. Bb3
O-O 9. f4 b5 10. a3 Nbd7 11. f5 e5 12. Nde2 Bb7 13. Ng3 Rc8 14. Bg5 Rxc3 15.
bxc3 Nxe4 16. Bxe7 Qxe7 17. Nxe4 Bxe4 18. Bd5 Nf6 19. Bxe4 Nxe4 20. h3 Rc8 21.
Qg4 Rc4 22. Qf3 Qa7+ 23. Kh2 Nd2 24. Qd3 Nxf1+ 25. Rxf1 Qc5 26. Rd1 h6 27. Qxd6
Qxd6 28. Rxd6 Ra4 29. Rd8+ Kh7 30. Rd7 f6 31. Rc7 Rxa3 32. Rc6 Ra4 33. Kg3 Rc4
34. Rxa6 Rxc3+ 35. Kh4 Rxc2 36. Rb6 Rc4+ 37. Kh5 Rc5 38. Re6 b4 39. Rb6 e4 40.
g4 Rc4 41. h4 e3 42. Re6 Rc3 43. g5 hxg5 44. hxg5 fxg5 45. Kxg5 b3 46. f6 Rc5+
47. Kf4 gxf6 48. Rxf6 Rb5 0-1

[Event "Madrid ch 2018 - semifinal"]
[Site "Madrid ESP"]
[Date "2018.05.05"]
[Round "1.13"]
[White "Rosa Ramirez, Victor Diego"]
[Black "Andrade Sandoval, Jim Carlos"]
[Result "1/2-1/2"]
[WhiteElo "1884"]
[BlackElo "2032"]
[PlyCount "115"]
[EventDate "2018.05.05"]
[EventType "swiss"]
[EventRounds "9"]
[EventCountry "ESP"]
[SourceTitle "Ajedrez en Madrid"]
[Source "lmi"]
[SourceDate "2018.05.05"]
[SourceVersion "1"]
[SourceVersionDate "2019.03.14"]
[SourceQuality "1"]

1. e4 c5 2. Nf3 e6 3. c3 Nf6 4. d3 d6 5. Be2 Be7 6. O-O Nc6 7. Nbd2 Qc7 8. a4
b6 9. Nc4 O-O 10. Bf4 Nh5 11. Bd2 f5 12. e5 dxe5 13. Nfxe5 Nxe5 14. Bxh5 Nxc4
15. dxc4 e5 16. g3 Bb7 17. Bf3 e4 18. Bf4 Qc6 19. Bg2 Rad8 20. Qc1 Rd3 21. Qc2
Rfd8 22. h4 Qe6 23. b3 Bf6 24. Rad1 Bxc3 25. Rxd3 Rxd3 26. Rd1 Rxd1+ 27. Qxd1
Bd4 28. Qe1 h6 29. Bf1 Qf6 30. Qd2 Bc6 31. Be3 Kh7 32. Bh3 Bxe3 33. fxe3 g5 34.
hxg5 hxg5 35. Qf2 Kg6 36. Bf1 Qc3 37. g4 fxg4 38. Qg3 Qd2 39. Bg2 Kf5 40. Kh1
Qc1+ 41. Kh2 Qb2 42. Kh1 Qa1+ 43. Kh2 Qe5 44. Bf1 Bd7 45. Qxe5+ Kxe5 46. Kg3 a6
47. Be2 Be6 48. Kg2 b5 49. a5 Kd6 50. Kg3 Ke5 51. Bf1 Kd6 52. Be2 Bd7 53. Bf1
b4 54. Be2 Ke5 55. Bf1 Kf6 56. Be2 Be6 57. Bd1 Ke5 58. Bc2 1/2-1/2

[Event "Madrid ch 2018 - semifinal"]
[Site "Madrid ESP"]
[Date "2018.05.05"]
[Round "1.14"]
[White "Barragan Arriaza, Pablo"]
[Black "Fernandez Aransay, Fernando"]
[Result "0-1"]
[WhiteElo "2030"]
[BlackElo "1871"]
[PlyCount "146"]
[EventDate "2018.05.05"]
[EventType "swiss"]
[EventRounds "9"]
[EventCountry "ESP"]
[SourceTitle "Ajedrez en Madrid"]
[Source "lmi"]
[SourceDate "2018.05.05"]
[SourceVersion "1"]
[SourceVersionDate "2019.03.14"]
[SourceQuality "1"]

1. c4 e6 2. Nf3 d5 3. b3 Nf6 4. g3 b6 5. Bg2 Bb7 6. Bb2 Be7 7. O-O O-O 8. e3
Nbd7 9. Qe2 c5 10. cxd5 exd5 11. d4 Rc8 12. Nc3 Qc7 13. Rac1 Qb8 14. Ne5 Nxe5
15. dxe5 Ne4 16. f4 Rcd8 17. Nxe4 dxe4 18. Rcd1 Qc8 19. h3 Ba6 20. Qc2 Bxf1 21.
Rxf1 Qd7 22. Qxe4 Qd3 23. Qf3 Qc2 24. Bc1 Rd7 25. f5 Rfd8 26. f6 gxf6 27. exf6
Bf8 28. Qg4+ Qg6 29. Qh4 Rd1 30. Be4 Rxf1+ 31. Kxf1 Qh6 32. Qg4+ Kh8 33. Qf3
Qxh3+ 34. Kf2 Bd6 35. Qg2 Qxg2+ 36. Kxg2 Be5 37. Bc2 Bxf6 38. Kf3 Be5 39. g4
Kg7 40. Ke4 Bf6 41. Kf4 h6 42. Kf3 Bg5 43. Bb2+ f6 44. Bc1 Kf7 45. Ke2 Ke7 46.
Bd3 Rd6 47. Bb2 Rd8 48. Bc3 Kd6 49. a4 Rh8 50. Bg6 Rb8 51. Bd3 Re8 52. Bd2 Kc7
53. Kf3 Rd8 54. Ke2 Bh4 55. Bc3 Rd6 56. Bc4 Bg3 57. Bd3 Be5 58. Bd2 Rd8 59. Be4
Ra8 60. Bg6 Rg8 61. Bf5 a6 62. Kf3 b5 63. axb5 axb5 64. Ba5+ Kd6 65. Bd2 Ra8
66. Bd3 Rb8 67. Ke4 Rg8 68. Kf3 Kc6 69. Be4+ Kb6 70. Bd3 Ra8 71. Ke4 Ra2 72.
Bc1 Ra1 73. Bd2 Rd1 0-1

[Event "Madrid ch 2018 - semifinal"]
[Site "Madrid ESP"]
[Date "2018.05.05"]
[Round "1.15"]
[White "Carrasco Coquillat, Alvaro"]
[Black "Lopez De Turiso, Jose Angel"]
[Result "1/2-1/2"]
[WhiteElo "1869"]
[BlackElo "2022"]
[PlyCount "81"]
[EventDate "2018.05.05"]
[EventType "swiss"]
[EventRounds "9"]
[EventCountry "ESP"]
[SourceTitle "Ajedrez en Madrid"]
[Source "lmi"]
[SourceDate "2018.05.05"]
[SourceVersion "1"]
[SourceVersionDate "2019.03.14"]
[SourceQuality "1"]

1. d4 Nf6 2. Nf3 g6 3. c4 Bg7 4. Nc3 O-O 5. e4 d6 6. Be2 e5 7. O-O Nbd7 8. Be3
Ng4 9. Bg5 f6 10. Bd2 Nh6 11. Qc2 Nf7 12. d5 a5 13. a3 Nc5 14. b4 axb4 15. axb4
Rxa1 16. Rxa1 Na6 17. Rb1 f5 18. Ne1 Bh6 19. Bxh6 Nxh6 20. f3 f4 21. Nd3 Nf7
22. b5 Nc5 23. Nxc5 dxc5 24. b6 Bd7 25. Qb2 Nd6 26. Nb5 Bxb5 27. cxb5 Nf7 28.
bxc7 Qxc7 29. b6 Qd6 30. Rc1 g5 31. Qb5 Rc8 32. Kf1 Kf8 33. Bd1 Ke7 34. Ba4 Nh8
35. Qa5 Nf7 36. Qb5 Nh8 37. h3 Nf7 38. Qa5 Kf6 39. Qb5 Ke7 40. Qa5 Kf6 41. Qb5
1/2-1/2

[Event "Madrid ch 2018 - semifinal"]
[Site "Madrid ESP"]
[Date "2018.05.05"]
[Round "1.16"]
[White "Spitzer Isbert, Ramon"]
[Black "Carrasco Coquillat, Jorge"]
[Result "0-1"]
[WhiteElo "2019"]
[BlackElo "1840"]
[PlyCount "90"]
[EventDate "2018.05.05"]
[EventType "swiss"]
[EventRounds "9"]
[EventCountry "ESP"]
[SourceTitle "Ajedrez en Madrid"]
[Source "lmi"]
[SourceDate "2018.05.05"]
[SourceVersion "1"]
[SourceVersionDate "2019.03.14"]
[SourceQuality "1"]

1. Nf3 c5 2. g3 g6 3. Bg2 Bg7 4. O-O Nc6 5. c4 Nf6 6. d3 O-O 7. Nc3 d6 8. Bd2
Rb8 9. Qc1 Re8 10. Bh6 Bh8 11. a3 a6 12. Nd5 Nxd5 13. cxd5 Nd4 14. Nxd4 Bxd4
15. Bd2 b5 16. Bc3 Bxc3 17. bxc3 Bd7 18. h4 h5 19. Qf4 Qc8 20. Qh6 Bh3 21. Be4
Bf5 22. Bf3 Bg4 23. Be4 Bf5 24. Bh1 e6 25. e4 Bh3 26. Rfe1 e5 27. Re3 a5 28.
Rf3 Qd8 29. Kh2 Bg4 30. Re3 Qf6 31. f3 Bd7 32. Re2 Rb6 33. Rb1 Reb8 34. Rf1 b4
35. axb4 cxb4 36. cxb4 axb4 37. Ra1 b3 38. Rb2 Rc8 39. Ra7 Qd8 40. Qe3 Rc2+ 41.
Rxc2 bxc2 42. Ra2 Qc7 43. Qc1 Ba4 44. Rxa4 Rb1 45. Qh6 c1=Q 0-1

[Event "Madrid ch 2018 - semifinal"]
[Site "Madrid ESP"]
[Date "2018.05.05"]
[Round "1.17"]
[White "Martinez Aragon, Aitor"]
[Black "Pindado Campos, Raul"]
[Result "0-1"]
[WhiteElo "1823"]
[BlackElo "2018"]
[PlyCount "86"]
[EventDate "2018.05.05"]
[EventType "swiss"]
[EventRounds "9"]
[EventCountry "ESP"]
[SourceTitle "Ajedrez en Madrid"]
[Source "lmi"]
[SourceDate "2018.05.05"]
[SourceVersion "1"]
[SourceVersionDate "2019.03.14"]
[SourceQuality "1"]

1. e4 c5 2. Nf3 d6 3. d4 cxd4 4. Nxd4 a6 5. Nc3 Nf6 6. h3 e6 7. g4 Be7 8. Bg2
Qc7 9. Be3 Nc6 10. Qe2 Ne5 11. O-O Nc4 12. Bc1 O-O 13. b3 Ne5 14. Bb2 Bd7 15.
Rad1 Rac8 16. f4 Nc6 17. Kh1 Nxd4 18. Rxd4 b5 19. e5 Ne8 20. Rfd1 Bc6 21. b4
Bxg2+ 22. Kxg2 Qb7+ 23. Kh2 d5 24. Ra1 Rc4 25. Rxc4 bxc4 26. a3 Nc7 27. Qe3 a5
28. Ne2 axb4 29. axb4 Bxb4 30. Ra7 Qb8 31. f5 Rc8 32. f6 Ne8 33. Bd4 Nxf6 34.
Ng3 Ne8 35. Bb6 Bc3 36. Qf3 f6 37. exf6 Bxf6 38. Be3 Nc7 39. g5 Be5 40. Bf2 Rf8
41. Qe2 Nb5 42. Re7 Qd6 43. Rb7 Nc3 0-1

[Event "Madrid ch 2018 - semifinal"]
[Site "Madrid ESP"]
[Date "2018.05.05"]
[Round "1.18"]
[White "Paarup, Torsten"]
[Black "De Luna Butz, Alberto"]
[Result "1-0"]
[WhiteElo "2007"]
[BlackElo "1815"]
[PlyCount "83"]
[EventDate "2018.05.05"]
[EventType "swiss"]
[EventRounds "9"]
[EventCountry "ESP"]
[SourceTitle "Ajedrez en Madrid"]
[Source "lmi"]
[SourceDate "2018.05.05"]
[SourceVersion "1"]
[SourceVersionDate "2019.03.14"]
[SourceQuality "1"]

1. e4 e6 2. Nf3 d5 3. e5 c5 4. b4 cxb4 5. d4 Nc6 6. a3 bxa3 7. c3 f6 8. Bd3 f5
9. O-O Be7 10. Bxa3 Nh6 11. Bxe7 Qxe7 12. Na3 O-O 13. Qc2 Bd7 14. Rfb1 Rfb8 15.
Nb5 Be8 16. Nd6 Nf7 17. Nxf7 Bxf7 18. Rb2 Qc7 19. g4 g6 20. gxf5 gxf5 21. Kh1
Kh8 22. Rg1 Rg8 23. Rbb1 b6 24. Qd2 Rxg1+ 25. Rxg1 Bg6 26. Ng5 Qe7 27. Qf4 Rg8
28. Nh3 Bh5 29. Rxg8+ Kxg8 30. f3 Qg7 31. Be2 h6 32. Qh4 Be8 33. Bb5 Kf8 34.
Bxc6 Bxc6 35. Qd8+ Be8 36. Nf4 Qf7 37. Qd6+ Qe7 38. Nxe6+ Kf7 39. Nd8+ Kf8 40.
Qxh6+ Kg8 41. Ne6 Bh5 42. Ng5 1-0

[Event "Madrid ch 2018 - semifinal"]
[Site "Madrid ESP"]
[Date "2018.05.05"]
[Round "1.19"]
[White "Fernandez Garcia, Ignacio"]
[Black "Vazquez Gonzalez, Jesus"]
[Result "1-0"]
[WhiteElo "1804"]
[BlackElo "1977"]
[PlyCount "49"]
[EventDate "2018.05.05"]
[EventType "swiss"]
[EventRounds "9"]
[EventCountry "ESP"]
[SourceTitle "Ajedrez en Madrid"]
[Source "lmi"]
[SourceDate "2018.05.05"]
[SourceVersion "1"]
[SourceVersionDate "2019.03.14"]
[SourceQuality "1"]

1. e4 Nc6 2. Nc3 d6 3. d4 e5 4. Nf3 Bg4 5. dxe5 Nxe5 6. Bf4 Bxf3 7. gxf3 Ng6 8.
Be3 Nf6 9. h4 h5 10. Bc4 c6 11. Qe2 Be7 12. Rg1 Kf8 13. O-O-O Qa5 14. Rg5 b5
15. Rdg1 Ne5 16. Bb3 Rh7 17. f4 Neg4 18. e5 dxe5 19. fxe5 Nd7 20. Rxh5 Rxh5 21.
Qxg4 g6 22. Qxd7 Rd8 23. Qxc6 Rxe5 24. Bh6+ Kg8 25. Qxg6+ 1-0